Word Ladder: Classical Literature Quiz Stats

 Plays Quiz Updated Aug 27, 2012

Support Sporcle.
Go Orange.
Score 0/41 Timer 04:00
0 Plays Today
Clue 4-Letter Word % Correct
To stroke with the tongueLICK
95%
Police OfficersCOPS
94.4%
To prepare foodCOOK
94.4%
Gambling cubesDICE
94.4%
To viewLOOK
93.4%
Cleaning objects used for wiping floorsMOPS
92.8%
Second word of a 1933 movie about a giant gorillaKONG
92.6%
Parasitic insects often found on the skin of mammalsLICE
92.5%
Pigeon callsCOOS
92.3%
A clump of hairLOCK
92.1%
DifficultHARD
90.8%
It sits atop the neckHEAD
90.1%
Large crowds of peopleMOBS
89.8%
A group of livestockHERD
89.5%
To eatDINE
89.4%
One from CopenhagenDANE
88.4%
To employHIRE
87.8%
✍ With [Rung 31], a play by William Shakespeare ✍KING
87.8%
Five of these make up a hand in pokerCARD
87%
✍ With [Rung 21], a novel by Herman Melville ✍MOBY
86.6%
✍ With [Rung 10], a novel by Herman Melville ✍DICK
86.4%
Clue 4-Letter Word % Correct
To show concernCARE
85.6%
Live Broadway theater awardTONY
85.5%
A dentDING
84%
Not thereHERE
84%
First name of country music star KeithTOBY
82.7%
Element with atomic number 82LEAD
82.5%
500 sheets of paperREAM
82.1%
✍ With [Rung 5], a play by William Shakespeare ✍LEAR
82.1%
Ugandan war criminal or the movement to capture himKONY
80%
A group of people with a common goalTEAM
78.5%
BackREAR
78.4%
To healCURE
78.3%
A decoy for catching animals, often used in fishingLURE
77.1%
Very seriousDIRE
75.7%
✍ With [Rung 41], a novel by Charlotte Brontë ✍JANE
72.7%
A stringed instrument often used in ancient GreeceLYRE
71.5%
DaggerDIRK
69.3%
✍ With [Rung 1], a novel by Charlotte Brontë ✍EYRE
68.7%
A period of timeTERM
62%
First name of former NFL coach EdwardsHERM
61.5%

Today's Daily Dose

You're not logged in!

Compare scores with friends on all Sporcle quizzes.
OR
Log In

From the Vault

Letters Minefield: NBA Teams

by LTH

We should really get some X teams in the Big 4. Who wouldn't want to cheer for a team called the 'X-Ray Fish'?
Remove Ads.
Support Sporcle.
Get the best of Sporcle when you Go Orange. This ad-free experience offers more features, more stats, and more fun while also helping to support Sporcle. Thank you for becoming a member.

Show Comments

Extras

Top Quizzes Today


Score Distribution

Your Account Isn't Verified!

In order to create a playlist on Sporcle, you need to verify the email address you used during registration. Go to your Sporcle Settings to finish the process.

Report this User

Report this user for behavior that violates our Community Guidelines.

Details: